000 00684nam a2200205 i 4500
001 111023
003 ES-MaACL
005 20250730233733.0
007 t|
008 061121s1962 sp r ||||1| spa d
100 1 _aNadal Sauquet, A.
_984812
245 1 0 _aInterpretación electrocardiográfica /
_caplicación clínica por A. Nadal Sauquet ; prólogo del profesor A. Pedro -Pons.
250 _a2ª ed. corrg. y aum.
260 _aBarcelona :
_bToray,
_c1962.
300 _aXXIV, 544 p. 2 gráf. :
_bil ;
_c22 cm.
650 4 _aElectrocardiografía.
_9140101
700 1 _aPedro Pons, A.,
_d1898-1971
_989929
852 _aES-MaACL
_jF-6208
_bR.51204
999 _c111023
_d111023